Ảnh hưởng các mức độ sử dụng chùm ngây (Moringa oleifera) và bình linh (Leucaena leucocephala) lên năng suất và tỉ lệ tiêu hóa của dê thịt : (Chuyên ngành: chăn nuôi)
Nội dung đề tài đánh giá khả năng sử dụng cây chùm ngây như là nguồn thức ăn bổ sung protein tốt cho dê thịt trong giai đoạn tăng trưởng.
Đã lưu trong:
| 主要作者: | |
|---|---|
| 格式: | 圖書 |
| 語言: | Undetermined |
| 出版: |
Cần Thơ
Trường Đại học Cần Thơ
2007
|
| 主題: | |
| 標簽: |
添加標簽
沒有標簽, 成為第一個標記此記錄!
|
| Thư viện lưu trữ: | Trung tâm Học liệu Trường Đại học Cần Thơ |
|---|
| LEADER | 01162nam a2200229Ia 4500 | ||
|---|---|---|---|
| 001 | CTU_135772 | ||
| 008 | 210402s9999 xx 000 0 und d | ||
| 082 | |a 636.3 | ||
| 082 | |b Y603 | ||
| 088 | |a 60620105 | ||
| 100 | |a Lâm, Kim Yến | ||
| 245 | 0 | |a Ảnh hưởng các mức độ sử dụng chùm ngây (Moringa oleifera) và bình linh (Leucaena leucocephala) lên năng suất và tỉ lệ tiêu hóa của dê thịt : | |
| 245 | 0 | |b (Chuyên ngành: chăn nuôi) | |
| 245 | 0 | |c Lâm Kim Yến ; Nguyễn Nhựt Xuân Dung giáo viên hướng dẫn | |
| 260 | |a Cần Thơ | ||
| 260 | |b Trường Đại học Cần Thơ | ||
| 260 | |c 2007 | ||
| 520 | |a Nội dung đề tài đánh giá khả năng sử dụng cây chùm ngây như là nguồn thức ăn bổ sung protein tốt cho dê thịt trong giai đoạn tăng trưởng. | ||
| 650 | |a Moringa oleifera,Leucaena leucocephala,Goats,Cây chùm ngây,Cây bình linh,Dê,Cây | ||
| 650 | |x Breeding,Chăn nuôi | ||
| 904 | |i Tuyến | ||
| 980 | |a Trung tâm Học liệu Trường Đại học Cần Thơ | ||